| 000 | nam a22 7a 4500 | ||
|---|---|---|---|
| 999 |
_c43817 _d43817 |
||
| 003 | OSt | ||
| 005 | 20180224103329.0 | ||
| 008 | 180224b xxu||||| |||| 00| 0 eng d | ||
| 040 | _cIIMT | ||
| 100 | _aNARULA UMA | ||
| 245 | _aMASS COMMUNICATION THEORY AND PRACTICE | ||
| 260 |
_aNEW DELHI _bHAR ANAND PUB _c2017 |
||
| 300 | _a115 | ||
| 942 |
_2ddc _c02 |
||